LEADER 01570nam a2200349 u 4500 001 000000014278 003 CaOOAMICUS 005 20100127140952.0 008 941010s1946 it u000 u fre u 035 $a10338799 040 $aPUL(R)$bita$dMCT 100 1 $aGaltier, Paul,$cS.I.$0(OLS)http://pul/name/7966 245 13$aLe Saint Esprit en nous d'après les Pères Grecs /$cPaul Galtier S.J. 260 $aRomae :$bP. Universitas Gregoriana,$c1946. 300 $a290 p. ;$c24 cm 490 1 $aAnalecta Gregoriana ;$v35 490 1 $aAnalecta Gregoriana., Series Facultatis Theologiae.$aSectio A ;$vn. 4 500 $aComprende indici. 650 4$aSpiritus Sanctus.$0(OLS)http://pul/subject/903 710 2 $aPontificia Università Gregoriana.$0(OLS)http://pul/name/147 830 0$aAnalecta Gregoriana.$pSeries Facultatis Theologiae.$nSectio A ;$vn. 4.$0(OLS)http://pul/title/2512 830 0$aAnalecta Gregoriana ;$v35.$0(OLS)http://pul/title/183 850 $aPUL 852 $aPUL$W1$xSL Religione 2$y84$mTheol A1 35$j20065$nBK-PRI$qStampati altre collocazioni$B20065$CPULBib$Z2$F20065 $82 852 $aPUL$W1$xDP1 Fondo Cecchetti$y53$m260 A 13$j20066$nBK-PRI$b2. copia$qFondi$B20066$CPULBib$Z2$F20066 $81 910 $aPontificia Universitas Gregoriana$9147 941 1 $a1 941 1 $a10 960 $aSpirito Santo$9903 961 $aINV: 21452 996 $6245$aLe Saint Esprit en nous d'après les Pères Grecs$9(OLS)http://pul/title/20555 996 $6260$aRomae :$bP. Universitas Gregoriana$9(OLS)http://pul/publisher/48106 LEADER 01399nam a2200301 u 4500 001 000000160647 003 CaOOAMICUS 005 20170512140217.0 008 170512s2016 vc u000 u ita u 020 $a978-88-209-9949-0* 032 $aLibriCat 040 $aPUL$bita 082 14$a174.5 110 2 $aPontificio consiglio per la pastorale della salute.$0(OLS)http://pul/name/54803 245 10$aNuova carta degli operatori sanitari /$cPontificio consiglio per gli operatori sanitari (per la pastorale della salute) 260 $aCittà del Vaticano :$bLibreria editrice vaticana,$cİ2016 . 300 $a149 p. ;$c21 cm. 504 $aContiene riferimenti bibliografici e indice. 650 4$aMalattie$xAspetti morali e religiosi.$0(OLS)http://pul/subject/13246 850 $aPUL 852 $aPUL$W1$xSL Filosofia 3$y81$m174. 5 PCOS 1$j184406$qDDC 21$B187610$CPULBib$Z2$F187610 $H129424 $81 910 $aPontificio consiglio per gli operatori sanitari (per la la pastorale della salute)$954803 941 1 $a9 996 $6020$a978-88-209-9949-0* $9(OLS)http://pul/number/162676 996 $6082$a174.5$9(OLS)http://pul/classification/3064 996 $6245$aNuova carta degli operatori sanitari$9(OLS)http://pul/title/200345 996 $6260$aCittà del Vaticano :$bLibreria editrice vaticana$9(OLS)http://pul/publisher/47920 LEADER 01577nam a2200313 a 4500 001 000000174592 003 CaOOAMICUS 005 20210617170007.0 008 210617s2018 gw u000 u ita r 020 $a978-620-2-44261-9* 032 $aLibriCat 040 $aPUL$bita 082 04$a234 100 1 $aMarmann, Michael Johannes, $d1937-2019.$0(OLS)http://pul/name/112188 245 00$aPraeambula ad gratiam : $bIdeengeschichtliche Untersuchung über die Entstehung des Axioms gratia praesupponit naturam Besorgt von Simone Billeci Vorwort von Gerhard Ludwig Müller / $cMichael Johannes Marmann. 260 $aSaarbrücken :$bFromm Verlag,$cİ2018. 300 $a296 p. ;$c22 cm 504 $aBibliografia in nota. 650 4$aGrazia (teologia).$0(OLS)http://pul/subject/5643 700 1 $aMüller, Gerhard Ludwig,$ccardinale,$d1947-$0(OLS)http://pul/name/32634 700 1 $aBilleci, Simone.$0(OLS)http://pul/name/112168 850 $aPUL 852 $aPUL$W1$xDP2 Religione 3$y114$m234 MARMI 1$j198905$qDDC 21$B203532$CPULBib$Z2$F203532 $H134991 $82 941 1 $a9 996 $6020$a978-620-2-44261-9*$9(OLS)http://pul/number/168230 996 $6082$a234$9(OLS)http://pul/classification/573 996 $6245$aPraeambula ad gratiam : $bIdeengeschichtliche Untersuchung über die Entstehung des Axioms gratia praesupponit naturam Besorgt von Simone Billeci Vorwort von Gerhard Ludwig Müller / $9(OLS)http://pul/title/215897 996 $6260$aSaarbrücken :$bFromm Verlag$9(OLS)http://pul/publisher/87414